[Event "Viljandi Raud Memorial 48th"]
[Site "Viljandi"]
[Date "2014.06.30"]
[Round "1"]
[White "Smirnov, Artem"]
[Black "Lumiste, Rene"]
[Result "1-0"]
[WhiteElo "2463"]
[BlackElo "1817"]
[PlyCount "53"]
[EventDate "2014.06.30"]
[EventType "swiss"]
[EventRounds "9"]
[EventCountry "EST"]
[SourceTitle "CBM 161 Extra"]
[Source "ChessBase"]
[SourceDate "2014.08.29"]
[SourceVersion "1"]
[SourceVersionDate "2014.08.29"]
[SourceQuality "1"]

1. d4 Nf6 2. Bg5 e6 3. e4 h6 4. Bxf6 Qxf6 5. c3 d6 6. Bd3 e5 7. Ne2 Qg6 8. 0-0 f5 9. exf5 Bxf5 10. Bxf5 Qxf5 11. Ng3 Qf4 12. dxe5 Nc6 13. Qh5+ Qf7 14. e6 Qxh5 15. Nxh5 0-0-0 16. Nd2 Re8 17. Rae1 Ne5 18. f4 Nd3 19. Re3 Nxb2 20. f5 d5 21. Rg3 Bc5+ 22. Kh1 d4 23. Nxg7 dxc3 24. Rxc3 Bd4 25. Nxe8 Bxc3 26. Ne4 Rxe8 27. Nxc3 1-0

[Event "Tallinn op"]
[Site "Tallinn"]
[Date "2014.02.24"]
[Round "7"]
[White "Sirosh, Ilja"]
[Black "Lumiste, Rene"]
[Result "1-0"]
[WhiteElo "2107"]
[BlackElo "1779"]
[PlyCount "41"]
[EventDate "2014.02.21"]
[EventType "swiss"]
[EventRounds "7"]
[EventCountry "EST"]
[SourceTitle "CBM 159 Extra"]
[Source "ChessBase"]
[SourceDate "2014.04.24"]
[SourceVersion "1"]
[SourceVersionDate "2014.04.24"]
[SourceQuality "1"]

1. d4 Nf6 2. c4 e6 3. Nc3 Bb4 4. e3 0-0 5. Nge2 d5 6. a3 Bd6 7. Ng3 c6 8. Qc2 e5 9. dxe5 Bxe5 10. Be2 Be6 11. cxd5 Nxd5 12. Bd2 Nd7 13. Nxd5 Bxd5 14. f4 Bc7 15. e4 Be6 16. f5 Qh4 17. 0-0-0 Ba2 18. b3 Qf6 19. Qxa2 Bf4 20. Bxf4 Qc3+ 21. Kb1 1-0

[Event "Tallinn op"]
[Site "Tallinn"]
[Date "2014.02.23"]
[Round "5"]
[White "Vorobjov, Pavel"]
[Black "Lumiste, Rene"]
[Result "1-0"]
[WhiteElo "2207"]
[BlackElo "1779"]
[PlyCount "103"]
[EventDate "2014.02.21"]
[EventType "swiss"]
[EventRounds "7"]
[EventCountry "EST"]
[SourceTitle "CBM 159 Extra"]
[Source "ChessBase"]
[SourceDate "2014.04.24"]
[SourceVersion "1"]
[SourceVersionDate "2014.04.24"]
[SourceQuality "1"]

1. d4 Nf6 2. c4 e6 3. Nf3 b6 4. g3 Bb7 5. Bg2 Bb4+ 6. Nc3 0-0 7. 0-0 Bxc3 8. bxc3 d6 9. Re1 Nbd7 10. Qc2 Be4 11. Qa4 Qe7 12. Bf1 Bb7 13. Nd2 Ne4 14. Nxe4 Bxe4 15. f3 Bb7 16. e4 e5 17. Bh3 Rfd8 18. Ba3 f6 19. c5 dxc5 20. Rab1 Kh8 21. Red1 g6 22. Qc4 Bc6 23. Rd2 a5 24. Qe2 Qf7 25. d5 Ba4 26. c4 Qe7 27. f4 Qd6 28. Bb2 Nf8 29. Rf1 Bd7 30. Bg2 Qe7 31. Qd1 g5 32. fxe5 fxe5 33. d6 cxd6 34. Rxd6 Rab8 35. Rxf8+ Rxf8 36. Rxd7 Qf6 37. Qe2 Rbd8 38. Rd5 Rfe8 39. Bc3 Kg7 40. Qb2 Rxd5 41. exd5 h5 42. h3 Kf7 43. Qe2 Kg6 44. Bf3 Qh8 45. Qe4+ Kh6 46. d6 Qg7 47. h4 Qg6 48. Bd2 Qxd6 49. Bxg5+ Kg7 50. Bxh5 Rc8 51. Be3 b5 52. Qg4+ 1-0